[Event "Mesa op2"]
[Site "Mesa"]
[Date "1992.??.??"]
[Round "?"]
[White "Trujillo, Ivan"]
[Black "Solana Suarez, Ernesto"]
[Result "0-1"]
[WhiteElo "2325"]
[BlackElo "2260"]

1.e4 c5 2.Nf3 e6 3.d4 cxd4 4.Nxd4 Nc6 5.Nc3 Qc7 6.Be3 Nf6 7.Be2 a6 8.O-O b5
9.a3 Bb7 10.f4 Nxd4 11.Qxd4 h5 12.b4 Rc8 13.Bd2 Qc6 14.Bf3 Qc4 15.Qxc4 Rxc4
16.Rfe1 Be7 17.Be2 Nxe4 18.Bxc4 Nxd2 19.Bd5 exd5 20.Rad1 Nc4 21.Nxd5 Bxd5
22.Rxd5 Kd8 23.Red1 d6 24.Ra1 Nb6 25.Rd3 Kd7 26.Rad1 Rc8 27.R1d2 Rc4 28.g3 Re4
29.Kf2 Nc4 30.Rd1 Nb2  0-1

[Event "Milan op"]
[Site "Milan"]
[Date "1992.??.??"]
[Round "?"]
[White "Pieri, Filippo"]
[Black "Larsen, Bent"]
[Result "1-0"]
[WhiteElo "2250"]
[BlackElo "2535"]

1.e4 c5 2.Nf3 e6 3.d4 cxd4 4.Nxd4 Nc6 5.Nc3 a6 6.f4 Nge7 7.Be2 Nxd4 8.Qxd4 b5
9.Bf3 Nc6 10.Qf2 Qc7 11.Be3 Bb7 12.O-O Rc8 13.Kh1 Be7 14.e5 Nd8 15.Bb6 Qb8
16.Ne4 Bxe4 17.Bxe4 g6 18.Rad1 d5 19.exd6 Bxd6 20.Qd4  1-0

[Event "Mlada Boleslav op"]
[Site "Mlada Boleslav"]
[Date "1992.??.??"]
[Round "2"]
[White "Suchorukow, Andrei"]
[Black "Fominyh, Alexander"]
[Result "0-1"]
[WhiteElo "2300"]
[BlackElo "2530"]

1.e4 c5 2.Nf3 Nc6 3.d4 cxd4 4.Nxd4 e6 5.Nc3 Qc7 6.Be2 a6 7.O-O Bc5 8.Be3 Nce7
9.Qd3 Nf6 10.Qc4 Bd6 11.Qxc7 Bxc7 12.f4 d6 13.Bf3 Rb8 14.Rad1 b5 15.e5 dxe5
16.fxe5 Bxe5 17.Nc6 Nxc6 18.Bxc6+ Bd7 19.Rxd7 Nxd7 20.Rd1 Rd8 21.Bc5 Bxc3
22.bxc3 h5 23.a4 e5 24.axb5 Rh6 25.Rd6 Rxd6 26.Bxd6 axb5 27.Bxe5 f6 28.Bd6 Rc8
29.Bxb5 Rxc3 30.Bd3 Kf7 31.Bb4 Rc7 32.Ba5 Rc8 33.c3 Ne5 34.Be4 Ke6 35.Kf2 f5
36.Bc2 Ng4+ 37.Kg3 Ke5 38.h3 Ne3 39.Bb3 g5 40.Kf3 Nc4  0-1

[Event "Mlada Boleslav op"]
[Site "Mlada Boleslav"]
[Date "1992.??.??"]
[Round "4"]
[White "Oral, Tomas"]
[Black "Fominyh, Alexander"]
[Result "0-1"]
[WhiteElo "2320"]
[BlackElo "2530"]

1.e4 c5 2.Nf3 Nc6 3.d4 cxd4 4.Nxd4 e6 5.Nc3 Qc7 6.Be3 a6 7.Bd3 b5 8.O-O Bb7
9.a3 Nf6 10.Kh1 Nxd4 11.Bxd4 Bc5 12.Bxc5 Qxc5 13.f4 d6 14.Qe1 O-O 15.Rd1 Rad8
16.e5 Ng4 17.Qh4 f5 18.exf6 Nxf6 19.Rde1 Rde8 20.Qh3 Re7 21.Re2 Qh5 22.Qg3 Qh6
23.Kg1 Nh5 24.Qh4 Ref7 25.f5 exf5 26.Qd4 f4 27.Be4 Bxe4 28.Nxe4 f3 29.Rxf3 Qc1+
30.Kf2 Nf4 31.Rd2 Qh1 32.Kg3 Ne2+ 33.Rxe2 Rxf3+ 34.Kg4 Qxh2 35.Qd5+ Kh8  0-1

[Event "Mlada Boleslav op"]
[Site "Mlada Boleslav"]
[Date "1992.??.??"]
[Round "5"]
[White "Horak, Michal"]
[Black "Vokac, Marek"]
[Result "0-1"]
[WhiteElo "2300"]
[BlackElo "2395"]

1.e4 c5 2.Nf3 Nc6 3.d4 cxd4 4.Nxd4 e6 5.Nc3 a6 6.Be3 Nge7 7.Nb3 Ng6 8.Be2 Qc7
9.O-O Be7 10.f4 O-O 11.a4 b6 12.g3 Re8 13.Qd2 Na5 14.Nxa5 bxa5 15.h4 Bf8
16.h5 Ne7 17.Rad1 Rb8 18.b3 d5 19.e5 Nf5  0-1

[Event "Mlada Boleslav op"]
[Site "Mlada Boleslav"]
[Date "1992.??.??"]
[Round "6"]
[White "Scetinin, Alexander"]
[Black "Fominyh, Alexander"]
[Result "0-1"]
[WhiteElo "2350"]
[BlackElo "2530"]

1.e4 c5 2.Nf3 Nc6 3.d4 cxd4 4.Nxd4 e6 5.Nc3 a6 6.Be3 Qc7 7.Be2 b5 8.f4 Bb7
9.Bf3 Na5 10.Qe2 Nc4 11.Nd1 Nf6 12.Bc1 e5 13.Nb3 exf4 14.O-O Bd6 15.e5 Bxf3
16.Qxf3 Qa7+ 17.Nf2 Bxe5 18.Bxf4 O-O 19.Bxe5 Nxe5 20.Qf4 Ng6 21.Qd4 Qxd4
22.Nxd4 Rfe8 23.c3 Nd5 24.Nd3 Ne5 25.Nxe5 Rxe5 26.Rfd1 Nb6 27.Rd3 Rae8 28.Kf2 h5
29.b3 Nd5 30.h3 Nf6 31.a4 Ne4+ 32.Kf1 Rc5 33.axb5 axb5 34.Ra7 d6 35.Rd7 Ra8
36.g4 hxg4 37.hxg4 g6 38.Ne2 Rg5 39.Kg2 Nc5 40.R3xd6 Nxd7 41.Rxd7 Rxg4+  0-1

[Event "Alekhine op"]
[Site "Moscow"]
[Date "1992.??.??"]
[Round "?"]
[White "Tseshkovsky, Vitaly"]
[Black "Sorokin, Maxim"]
[Result "1/2-1/2"]
[WhiteElo "2510"]
[BlackElo "2550"]

1.e4 c5 2.Nf3 Nc6 3.d4 cxd4 4.Nxd4 e6 5.Nc3 Qc7 6.g3 a6 7.Bg2 d6 8.O-O Bd7
9.Re1 Be7 10.a4 b6 11.Nxc6 Bxc6 12.Qg4 h5 13.Qe2 h4 14.Bf4 hxg3 15.hxg3 Nf6
16.Rad1 Kf8 17.Qc4 Ne8 18.b4 Rc8 19.Be3 Bf6  1/2-1/2

[Event "Alekhine op"]
[Site "Moscow"]
[Date "1992.??.??"]
[Round "?"]
[White "Belikov, Vladimir"]
[Black "Ye Rongguang"]
[Result "0-1"]
[WhiteElo "2460"]
[BlackElo "2540"]

1.e4 c5 2.Nf3 e6 3.d4 cxd4 4.Nxd4 Nc6 5.Nc3 Qc7 6.Be3 a6 7.Bd3 Nf6 8.Nb3 b5
9.f4 d6 10.Qf3 Bb7 11.O-O Be7 12.Kh1 O-O 13.Qh3 Nb4 14.Nd4 Rfe8 15.a3 Nxd3
16.cxd3 Bf8 17.Rf3 Rac8 18.Raf1 Qd8 19.Rg3 Rc5 20.f5 e5 21.Nf3 Rxc3 22.bxc3 d5
23.Bg5 dxe4 24.dxe4 Qb6 25.Nd2 Nxe4 26.Nxe4 Bxe4 27.Rg4 Bc2 28.Rh4 h6 29.f6 Re6
30.c4 bxc4 31.fxg7 Bxg7 32.Rxc4 Qb5 33.Rc8+ Kh7 34.Rc1 Be4 35.R8c4 Qd5 36.Rc5 Qa2
37.R5c4 Qe2 38.R4c3 Rd6 39.Rg1 Rg6 40.Re3 Qc4 41.Rg3 f5 42.Bd2 f4 43.Rxg6 Bxg6
44.Qc3 Qe2 45.Re1 Qf2 46.Bc1 Be4 47.Rg1 f3 48.g4 Qe2  0-1

[Event "Moscow rapid"]
[Site "Moscow"]
[Date "1992.??.??"]
[Round "?"]
[White "Sorokin, Maxim"]
[Black "Salov, Sergei"]
[Result "1/2-1/2"]
[WhiteElo "2550"]
[BlackElo "2240"]

1.e4 c5 2.Nf3 e6 3.d4 cxd4 4.Nxd4 Nc6 5.Nc3 Qc7 6.g3 a6 7.Bg2 d6 8.O-O Bd7
9.Re1 Be7 10.Nxc6 Bxc6 11.a4 b6 12.Qg4 h5 13.Qe2 h4 14.Qc4 Qb7  1/2-1/2

[Event "Moscow rapid"]
[Site "Moscow"]
[Date "1992.??.??"]
[Round "?"]
[White "Ivanov, Alexander"]
[Black "Sorokin, Maxim"]
[Result "1/2-1/2"]
[WhiteElo "2545"]
[BlackElo "2550"]

1.e4 c5 2.Nf3 e6 3.Nc3 Nc6 4.d4 cxd4 5.Nxd4 Qc7 6.g3 d6 7.Bg2 Bd7 8.Ndb5 Qb8
9.Bf4 e5 10.Be3 Nf6 11.Bg5 a6 12.Bxf6 gxf6 13.Na3 Be6 14.Nd5 Bg7 15.Nc4 O-O
16.Ndb6 Ra7 17.O-O Rd8 18.c3 Ne7 19.Ne3 Qc7 20.Ned5 Bxd5 21.Nxd5 Nxd5 22.Qxd5 Qc5
23.Rfd1 Qxd5 24.Rxd5 b5  1/2-1/2

[Event "Moscow Tal mem"]
[Site "Moscow"]
[Date "1992.??.??"]
[Round "?"]
[White "Sokolov, Andrei"]
[Black "Samarin, Igor"]
[Result "1/2-1/2"]
[WhiteElo "2605"]
[BlackElo "2390"]

1.e4 c5 2.Nf3 e6 3.d4 cxd4 4.Nxd4 Nc6 5.Nc3 a6 6.Be2 Qc7 7.O-O Nf6 8.Be3 Be7
9.f4 d6 10.Kh1 O-O 11.Qe1 Bd7 12.Qg3 Nxd4 13.Bxd4 Bc6 14.e5 Ne8 15.Nd1 Be4
16.Ne3 Qc6 17.c3 f6  1/2-1/2

[Event "Moscow Tal mem"]
[Site "Moscow"]
[Date "1992.??.??"]
[Round "?"]
[White "Shchekachev, Andrei"]
[Black "Razuvaev, Yuri S"]
[Result "1/2-1/2"]
[WhiteElo "2375"]
[BlackElo "2565"]

1.e4 c5 2.Nf3 e6 3.Nc3 Nc6 4.d4 cxd4 5.Nxd4 a6 6.g3 d6 7.Bg2 Bd7 8.O-O Nf6
9.Nxc6 Bxc6 10.a4 Be7 11.Be3 Qa5 12.Qd2 Ng4 13.Bd4 O-O 14.Rfd1 Qh5 15.h3 Ne5
16.g4 Qh4 17.f4 Ng6 18.Ne2 h6 19.Bf2 Qf6 20.Be3 Nh4 21.Bh1 Rfd8 22.Rf1 g6
23.Kh2 Qg7 24.f5 Kh7 25.fxe6 fxe6 26.Bxh6 Qe5+ 27.Bf4 Qg7 28.Bh6 Qe5+ 29.Bf4 Qg7
30.g5 Rh8 31.Bg3 Kg8 32.Qf4 Bd7 33.Ng1 e5 34.Qd2 Be6 35.Ra3 Rh5 36.Bxh4 Rxh4
37.Rg3 Rf8 38.Rxf8+ Qxf8 39.Bg2 Rf4 40.Ne2 Rf2 41.b3 Qc8 42.Qe3 Qc5 43.h4 Qxe3
44.Rxe3 Bg4 45.Nc3 Rxc2 46.Nd5 Bd8 47.Kg3 Be6 48.Bh3 Bf7 49.Rd3 Kf8 50.Ne3 Rc6
51.Bd7 Rc7 52.Bh3 Rc6 53.Bd7 Rc7 54.Bg4 Rc6 55.Bd1 Ba5 56.Nd5 Be1+ 57.Kh3 Bxd5
58.exd5 Rc3 59.Rxc3 Bxc3 60.Bc2 Kg7 61.Be4 a5 62.Kg4 Bd2 63.h5 gxh5+ 64.Kxh5 b6
65.Kg4 Be3 66.Kf5 Kf7 67.Bf3 Bc5 68.g6+ Kg7 69.Be4 Bb4  1/2-1/2

[Event "Munich op9192"]
[Site "Munich"]
[Date "1992.??.??"]
[Round "8"]
[White "Brendel, Oliver"]
[Black "Ankerst, Mihael"]
[Result "0-1"]
[WhiteElo "2325"]
[BlackElo "2195"]

1.e4 c5 2.Nc3 e6 3.Nf3 Nc6 4.d4 cxd4 5.Nxd4 Nf6 6.Nxc6 bxc6 7.e5 Nd5 8.Ne4 Qc7
9.f4 Qb6 10.c4 Ne3 11.Qd3 Nf5 12.b3 Bb7 13.Bb2 Be7 14.O-O-O O-O-O 15.g4 d5
16.exd6 Bxd6 17.Qf3 c5 18.gxf5 exf5 19.Bh3 Kc7 20.Bxf5 g6 21.Bxh8 gxf5 22.Bf6 Rd7
23.Rhe1 Bxe4 24.Rxe4 fxe4 25.Qxe4 Qc6 26.Rd5 Kb6 27.Kc2 Bc7 28.Be7 Rxd5 29.cxd5 Qd7
30.Bf6 Qh3 31.Be5 Qxh2+ 32.Kc3 Qh3+ 33.Kb2 Qd7 34.Ka3 h5 35.d6 Bxd6 36.Qh7 c4+
37.Kb2 Bxe5+ 38.fxe5 Qd4+ 39.Ka3 c3  0-1

[Event "Munich op9192"]
[Site "Munich"]
[Date "1992.??.??"]
[Round "8"]
[White "Luther, Thomas"]
[Black "Loeffler, Stefan"]
[Result "1-0"]
[WhiteElo "2495"]
[BlackElo "2310"]

1.e4 c5 2.Nf3 e6 3.d4 cxd4 4.Nxd4 Nc6 5.Nc3 Qc7 6.Be2 Nf6 7.O-O Be7 8.Kh1 O-O
9.f4 d6 10.Be3 Re8 11.Qe1 Nxd4 12.Bxd4 e5 13.fxe5 dxe5 14.Qg3 Bd8 15.Be3 Kh8
16.Bb5 Rf8 17.Bd3 a6 18.Nd5 Nxd5 19.exd5 f5 20.c4 Bf6 21.Bg1 g6 22.Rad1 Qf7
23.b4 Bd7 24.Bc5 Rfe8 25.Bd6 Rac8 26.Be2 g5 27.c5 f4 28.Qb3 g4 29.b5 Qh5
30.bxa6 f3 31.Bxf3 gxf3 32.Qxf3 Qxf3 33.Rxf3 Bg4 34.axb7 Rcd8 35.Rxf6 Bxd1
36.c6 Kg7 37.Re6 Rxe6 38.dxe6 Bg4 39.e7  1-0

[Event "NED-chT"]
[Site "NED"]
[Date "1992.??.??"]
[Round "?"]
[White "Hendriks, Willy"]
[Black "Van der Griendt, Jan Willem"]
[Result "1-0"]
[WhiteElo "2320"]
[BlackElo "2420"]

1.e4 c5 2.Nf3 e6 3.d4 cxd4 4.Nxd4 Nc6 5.Nc3 a6 6.Be3 Nf6 7.Bd3 d6 8.O-O Be7
9.f4 O-O 10.Qf3 Qc7 11.Kh1 Bd7 12.Qg3 Nh5 13.Qf3 Nf6 14.Qg3 Nh5 15.Qh3 g6
16.f5 Nxd4 17.Bxd4 Qd8 18.g4 exf5 19.gxh5 fxe4 20.Qe3 Bg5 21.Qxe4 Bc6 22.Nd5 Qa5
23.c4 Rae8 24.Qg2 Qd2 25.Qxd2 Bxd2 26.Rf3 f5 27.Rd1 Bh6 28.Rg1 Re6 29.hxg6  1-0

[Event "Enhance MCC"]
[Site "New York"]
[Date "1992.??.??"]
[Round "1"]
[White "Zamora, Jorge"]
[Black "Taimanov, Mark E"]
[Result "1/2-1/2"]
[WhiteElo "2350"]
[BlackElo "2505"]

1.e4 c5 2.Nf3 e6 3.d4 cxd4 4.Nxd4 Nc6 5.Nc3 a6 6.Be3 Nge7 7.Be2 Nxd4 8.Qxd4 b5
9.O-O Nc6 10.Qd2 Be7 11.f4 O-O 12.Rad1 d6 13.Bf3 Bb7 14.Qf2 Qc8 15.Bb6 Rb8
16.Kh1 Ba8 17.Ne2 Qb7 18.Be3 Qc7 19.Qg3 Bf6 20.c3 b4 21.f5 bxc3 22.bxc3 Ne5
23.Nf4 Nxf3 24.Nh5 Be5 25.Bf4 f6 26.gxf3 exf5 27.Rxd6 Bxd6 28.Bxd6 Qf7 29.Rg1 g5
30.Nxf6+ Qxf6 31.Bxb8 h6 32.Be5 Qe6 33.h4 fxe4 34.f4 e3+ 35.Kh2 Qxa2+ 36.Kh3 Qe6+
37.Kh2 Qa2+ 38.Kh3 Qe2 39.Re1 Qf3 40.Qxf3 Bxf3 41.hxg5 hxg5 42.Rxe3 g4+ 43.Kh4 Kf7
44.f5 Re8 45.c4 a5 46.c5 a4 47.c6 Bxc6 48.Kxg4 a3 49.Kf4 a2 50.Ra3 Ra8  1/2-1/2

[Event "Enhance MCC"]
[Site "New York"]
[Date "1992.??.??"]
[Round "3"]
[White "Garber, Stanislav"]
[Black "Taimanov, Mark E"]
[Result "0-1"]
[WhiteElo "2385"]
[BlackElo "2505"]

1.e4 c5 2.Nf3 e6 3.d4 cxd4 4.Nxd4 Nc6 5.Nc3 a6 6.Be2 Nge7 7.Nb3 d6 8.O-O Ng6
9.a4 Be7 10.a5 b6 11.axb6 Qxb6 12.Be3 Qc7 13.f4 O-O 14.Ra4 Bb7 15.Bd3 Bf6
16.Qd2 Rfd8 17.Ne2 Nf8 18.Ng3 Bh4 19.Qe2 Bxg3 20.hxg3 Rac8 21.Qh5 d5 22.e5 d4
23.Bf2 Rb8 24.Nd2 Nxe5 25.Rxd4 Nxd3 26.cxd3 Rxd4 27.Bxd4 Rd8 28.Be5 Qc5+
29.d4 Rxd4 30.Nb3 Qd5 31.Qe2 Rd3 32.Nc1 Rd2  0-1

[Event "Enhance MCC"]
[Site "New York"]
[Date "1992.??.??"]
[Round "3"]
[White "Zaderman, Yuri"]
[Black "Teodoro, Eduardo"]
[Result "1/2-1/2"]
[WhiteElo "2255"]
[BlackElo "2200"]

1.e4 c5 2.Nf3 e6 3.Nc3 Nc6 4.d4 cxd4 5.Nxd4 a6 6.Be2 Qc7 7.Be3 Nf6 8.O-O d6
9.f4 Be7 10.Bf3 O-O 11.Qe1 Nxd4 12.Bxd4 e5 13.Bf2 Bd7 14.Qd2 Rfe8 15.Bh4 Bc6
16.Bg3 Rad8 17.Rad1 Nd7 18.Kh1 Nb6 19.Qf2 Bf6 20.f5 h6 21.Bh4 Bxh4 22.Qxh4 Qe7
23.Qg3 Qf6 24.Qf2 Na8 25.h4 Nc7 26.g4 g5 27.fxg6 fxg6 28.Qg3 Qf4 29.Qe1 Rf8
30.Ne2 Qf6 31.Bg2 Qe6 32.Qg3 Bb5 33.Rxf8+ Rxf8 34.Nc3 Bd7 35.g5 h5 36.Kh2 Rf4
37.Bh3 Qf7 38.Rxd6 Bxh3 39.Qxh3 Rg4 40.Rf6 Qd7 41.Rf2 Qd4 42.Rg2 Ne6 43.Nd5 Nf4
44.Nxf4  1/2-1/2

[Event "Enhance MCC"]
[Site "New York"]
[Date "1992.??.??"]
[Round "5"]
[White "Zaderman, Yuri"]
[Black "Taimanov, Mark E"]
[Result "1-0"]
[WhiteElo "2255"]
[BlackElo "2505"]

1.e4 c5 2.Nf3 e6 3.d4 cxd4 4.Nxd4 Nc6 5.Nc3 a6 6.Be3 Nge7 7.Nb3 b5 8.a4 b4
9.a5 Nxa5 10.Na4 Nxb3 11.Bb6 Nxa1 12.Qxa1 Rb8 13.Bxd8 Kxd8 14.Be2 Nc6 15.O-O Be7
16.f4 f6 17.Qd1 h6 18.Bc4 Kc7 19.Qd3 a5 20.Rd1 Rd8 21.Qg3 Bf8 22.Qg6 e5 23.f5 Bb7
24.Qf7 Na7 25.Bd5 Ba6 26.c4 Nc8 27.b3 Rb6 28.Nxb6 Nxb6 29.Kh1 a4 30.c5 Nxd5
31.Qxd5 Bb5 32.bxa4 Bxa4 33.Ra1 Bc6 34.Qc4 b3 35.Ra7+ Kb8 36.Qxb3+  1-0

[Event "New York op"]
[Site "New York"]
[Date "1992.??.??"]
[Round "7"]
[White "Zapata, Alonso"]
[Black "Fernandez, A."]
[Result "1-0"]
[WhiteElo "2515"]
[BlackElo "2325"]

1.e4 c5 2.Nf3 e6 3.d4 cxd4 4.Nxd4 Nc6 5.Nc3 d6 6.g3 a6 7.Bg2 Bd7 8.O-O Nf6
9.a4 Be7 10.h3 O-O 11.g4 Be8 12.Kh1 Rb8 13.b3 Nd7 14.Bb2 Nde5 15.Nde2 Ng6
16.Kg1 Bd7 17.f4 Qb6+ 18.Kh2 Qc7 19.Ng3 Rfc8 20.Nce2 Bf8 21.Nh5 b5 22.axb5 axb5
23.Qd2 Ra8 24.Neg3 Rxa1 25.Rxa1 Nh4 26.Bh1 Nb4 27.c3 Nc6 28.Qf2 Ng6 29.g5 Na5
30.b4 Nc4 31.Ra7 Qd8 32.Bc1 Nb6 33.Ne2 Na4 34.Bd2 Ne7 35.Qg3 Rc7 36.Rxc7 Qxc7
37.Bg2 Qc4 38.Nc1 d5 39.Qd3 Qxd3 40.Nxd3 dxe4 41.Bxe4 Bc6 42.Bxc6 Nxc6 43.Ng3 Ne7
44.Ne4 Nd5 45.Ne5 f5 46.gxf6 gxf6 47.Nc6 h6 48.Nd8 f5 49.Nf2 Nc7 50.Nd3 Be7
51.Nc6 Bf6 52.Nde5 Nb6 53.Kg3 Kf8 54.Kf3 Ke8 55.Ke2 Nd7 56.Nf3 Nb6 57.Kd3 Nc4
58.Bc1 Kd7 59.Ncd4 Nb6 60.Nb3 Kd6 61.Nfd4 Kd5 62.Nc2 Nc4 63.Ne3+ Nxe3 64.Bxe3 Ne8
65.Bd4 Bxd4 66.Nxd4 Nd6 67.Nxb5 Ne4 68.c4+ Kc6 69.Ke3  1-0

[Event "Enhance MCC"]
[Site "New York"]
[Date "1992.??.??"]
[Round "8"]
[White "Zamora, Jorge"]
[Black "Teodoro, Eduardo"]
[Result "1-0"]
[WhiteElo "2350"]
[BlackElo "2200"]

1.e4 c5 2.Nf3 e6 3.d4 cxd4 4.Nxd4 Nc6 5.Nc3 a6 6.Be3 Qc7 7.Bd3 Nf6 8.O-O Be7
9.Kh1 d6 10.f4 Bd7 11.Qf3 h5 12.Rae1 Ng4 13.Bg1 Bf6 14.Nxc6 Bxc3 15.bxc3 Bxc6
16.Qg3 O-O-O 17.Rb1 Rdg8 18.h3 Nf6 19.Qe3 Nd7 20.Be2 f6 21.Rb4 Re8 22.Rfb1 Kd8
23.Qg3 Nc5 24.e5 Kc8 25.exd6 Qxd6 26.Qe3 Nd7 27.Rc4 Kd8 28.Rd1 Bd5 29.Rcd4 Qc6
30.c4 Bxg2+ 31.Kh2 Re7 32.Bf2 e5 33.Rd6 exf4 34.Qxf4 Qc7 35.Kxg2 Rxe2 36.Rxd7+ Qxd7
37.Qb8+ Ke7 38.Rxd7+ Kxd7 39.Qxh8 Re7 40.Qxh5 Re5 41.Qg6 Rg5+ 42.Qxg5 fxg5
43.Kf3 Ke6 44.Ke4 Kf6 45.Bd4+ Kg6 46.Ke5 Kh5 47.Kf5 g6+ 48.Ke6 Kh4 49.Bf6 Kxh3
50.Bxg5 Kg4 51.Bd8 Kf4  1-0

[Event "New York op"]
[Site "New York"]
[Date "1992.??.??"]
[Round "9"]
[White "Tate, Emory"]
[Black "Fernandez, A."]
[Result "0-1"]
[WhiteElo "2300"]
[BlackElo "2325"]

1.e4 c5 2.Nf3 e6 3.d4 cxd4 4.Nxd4 Nc6 5.Nc3 d6 6.Be3 Nf6 7.Bc4 a6 8.Qe2 Qc7
9.O-O-O Be7 10.Bb3 O-O 11.g4 Nd7 12.Rhg1 Nc5 13.g5 Bd7 14.Qh5 g6 15.Qh6 Rfc8
16.Rg3 Bf8 17.Qh4 Be7 18.Nde2 Nxb3+ 19.axb3 Nb4 20.Kb1 Qa5 21.Rd4 b5 22.f4 Nxc2
23.Rh3 h5 24.Kxc2 b4 25.Bd2 e5 26.Rd5 Qb6 27.f5 bxc3 28.bxc3 Rab8 29.Kd1 Qxb3+
30.Ke1 Bxf5  0-1

[Event "Enhance MCC"]
[Site "New York"]
[Date "1992.??.??"]
[Round "9"]
[White "Zaderman, Yuri"]
[Black "Garber, Stanislav"]
[Result "1/2-1/2"]
[WhiteElo "2255"]
[BlackElo "2385"]

1.e4 c5 2.Nf3 Nc6 3.d4 cxd4 4.Nxd4 e6 5.Nc3 d6 6.Be3 Nf6 7.Bc4 Be7 8.Qe2 O-O
9.O-O-O a6 10.Bb3 Qc7 11.Rhg1 Nd7 12.g4 Nc5 13.Nf5 b5 14.Nxe7+ Qxe7 15.g5 b4
16.Na4 Bb7 17.f3 Rac8 18.Kb1 Na5 19.h4 Naxb3 20.axb3 Bc6 21.Qd2 Nxa4 22.bxa4 d5
23.exd5 Bxd5 24.Rgf1 b3 25.cxb3 Bxb3 26.Qd6 Qb7 27.Rd2 Bxa4 28.Bd4 Qd5 29.Qxd5 exd5
30.Bc3 Bb5 31.Re1 Bc4 32.f4 Rfe8 33.Re5 Rxe5 34.Bxe5 g6 35.Kc2 Kf8 36.b3 Be2+
37.Kb2 Bf3 38.Rd4 Ke7 39.Rb4 Rc6 40.Rb8 Be4 41.Rb7+ Ke6 42.Ka3 Bd3 43.Kb4  1/2-1/2

[Event "NLD-ch"]
[Site "?"]
[Date "1992.??.??"]
[Round "?"]
[White "Van der Wiel, John TH"]
[Black "Van Mil, Johannes A J"]
[Result "1-0"]
[WhiteElo "2540"]
[BlackElo "2445"]

1.e4 c5 2.Nf3 e6 3.d4 cxd4 4.Nxd4 Nc6 5.Nc3 a6 6.Nxc6 bxc6 7.e5 Qc7 8.f4 Bb7
9.Bd3 f5 10.Qe2 c5 11.Nd1 Ne7 12.Ne3 Nc6 13.c3 Be7 14.Rg1 h5 15.Nc4 Na5 16.Nd6+ Bxd6
17.exd6 Qxd6 18.Bxf5 O-O-O 19.Bd3 c4 20.Bc2 g5 21.fxg5 Qxh2 22.Be3 Qg3+ 23.Qf2 Qxf2+
24.Bxf2 Nc6 25.O-O-O Rhg8 26.Rh1 Ne5 27.Rxh5 Bxg2 28.Rg1 Bf3 29.Rh3 Be2 30.g6 Nd3+
31.Bxd3 Bxd3 32.g7 d6 33.Bh4 Rde8 34.Rf3 Bf5 35.Rf4 d5 36.Bf6 Kd7 37.Rh1 Kd6
38.Rh8 Be4 39.Rfh4 Bg6 40.R8h6 Bf5 41.R4h5 Kd7 42.Kd2 Rc8 43.Ke3 Ke8 44.Be5 Ke7
45.Kf4 Bb1 46.Rh1 Be4 47.R1h2 Bb1 48.Bf6+ Kf7 49.Bd4 Be4 50.Rh8 Ke7 51.Rxg8 Rxg8
52.Bc5+ Kf7 53.Bf8  1-0

[Event "Nordic zt"]
[Site "?"]
[Date "1992.??.??"]
[Round "9"]
[White "Hector, Jonny"]
[Black "Cramling, Pia"]
[Result "0-1"]
[WhiteElo "2535"]
[BlackElo "2530"]

1.e4 c5 2.Nf3 e6 3.d4 cxd4 4.Nxd4 Nc6 5.Nc3 Qc7 6.f4 Nxd4 7.Qxd4 a6 8.a3 b5
9.Bd3 Nf6 10.b4 Bb7 11.O-O Be7 12.Bb2 Qc6 13.Kh1 Bd8 14.a4 bxa4 15.b5 axb5
16.Bxb5 Qb6 17.Qxb6 Bxb6 18.Nxa4 Ba7 19.Rfd1 O-O 20.Bxf6 gxf6 21.Rxd7 Bxe4
22.c4 f5 23.Nc3 Bc5 24.Rf1 Rfd8 25.Nxe4 fxe4 26.Rxd8+ Rxd8 27.Bc6 f5 28.g4 Rd2
29.gxf5 exf5 30.Rb1 e3 31.Re1 Rf2 32.Bg2 e2 33.Rb1 Bb4  0-1

[Event "Norresundby op"]
[Site "Norresundby"]
[Date "1992.??.??"]
[Round "4"]
[White "Sorensen, Jan"]
[Black "Kruszynski, Wlodzimierz"]
[Result "0-1"]
[WhiteElo "2400"]
[BlackElo "2375"]

1.e4 c5 2.Nf3 e6 3.d4 cxd4 4.Nxd4 Nc6 5.Nc3 a6 6.Be2 d6 7.O-O Nf6 8.Be3 Be7
9.f4 O-O 10.Qe1 Nxd4 11.Bxd4 b5 12.a3 Bb7 13.Qg3 g6 14.f5 e5 15.Be3 Nxe4
16.Nxe4 Bxe4 17.Bh6 Re8 18.Bd3 Bxd3 19.cxd3 d5 20.Kh1 Bh4 21.Qg4 Ra7 22.Rac1 e4
23.Rc6 Qd7 24.Qxh4 Qxc6 25.f6 exd3 26.Bd2 Rc7 27.h3 Re6 28.Bc3 d4 29.Qxd4 Rd7
30.Qf4 Qd6 31.Qh4 d2 32.Rd1 Re1+ 33.Rxe1 dxe1=Q+ 34.Bxe1 Qe5 35.Bg3 Rd1+
36.Kh2 Qd4 37.Bf4 Qg1+ 38.Kg3 Rd3+ 39.Kg4 Qxg2+ 40.Bg3 Qf3+ 41.Kg5 Qxg3+  0-1

[Event "Novi Sad"]
[Site "Novi Sad"]
[Date "1992.??.??"]
[Round "6"]
[White "Todorovic, Goran M"]
[Black "Ninov, Kiril"]
[Result "0-1"]
[WhiteElo "2440"]
[BlackElo "2395"]

1.e4 c5 2.Nf3 e6 3.d4 cxd4 4.Nxd4 Nc6 5.Nc3 Qc7 6.Be2 a6 7.O-O Nf6 8.Be3 Bb4
9.Na4 O-O 10.c4 Be7 11.Nc3 d6 12.Rc1 Ne5 13.f4 Ng6 14.f5 Ne5 15.g4 h6 16.g5 hxg5
17.Bxg5 Nh7 18.Be3 Qd8 19.Qd2 Bg5 20.Kh1 Bd7 21.Rg1 Bxe3 22.Qxe3 Qh4 23.Rcf1 exf5
24.Rxf5 Ng6 25.Nf3 Qh3 26.Rg3 Bxf5 27.Rxh3 Bxh3 28.Nd5 Rae8 29.Nd4 Be6 30.b3 Bxd5
31.cxd5 Nf6 32.Bd3 Nxd5 33.Qd2 Nf6 34.Nf5 Nxe4 35.Bxe4 Rxe4 36.Qc3 Re5 37.Nxd6 Rd5
38.Qc7 Nf4 39.h4 Rd2 40.a4 Ne6 41.Qe7 b5 42.a5 Rc2 43.Qa7 Rc6 44.Nf5 Rc1+
45.Kg2 Rd8 46.Qxa6 Rc3 47.Nd6 Rd3 48.Ne4 Rxb3 49.Qb7 Rdd3 50.Qb8+ Kh7 51.a6 Rb2+
52.Nf2 Rdd2 53.a7 Rxf2+ 54.Kg3 Rg2+ 55.Kh3 g5 56.hxg5 Nxg5+ 57.Kh4 Rb4+ 58.Kh5 Nf3
59.Qh8+ Kxh8 60.a8=Q+ Kg7 61.Qxf3 Rbg4 62.Qc3+ Kh7 63.Qf6 Rg5+ 64.Kh4 Rg7
65.Qf5+ Kh8 66.Qc8+ Kh7  0-1

[Event "NZD-ch"]
[Site "?"]
[Date "1992.??.??"]
[Round "6"]
[White "Love, Anthony J"]
[Black "Small, Vernon A"]
[Result "1-0"]
[WhiteElo "2225"]
[BlackElo "2375"]

1.e4 c5 2.Nf3 e6 3.d4 cxd4 4.Nxd4 Nc6 5.Nc3 a6 6.Be3 Nf6 7.Bd3 Qc7 8.O-O Ne5
9.h3 Bc5 10.Qe2 d6 11.f4 Ng6 12.Nb3 Bxe3+ 13.Qxe3 O-O 14.e5 dxe5 15.Bxg6 hxg6
16.Qxe5 Qb6+ 17.Qc5 Qxc5+ 18.Nxc5 b6 19.N5e4 Bb7 20.Nxf6+ gxf6 21.Rad1 b5
22.Rd4 Rfc8 23.Rfd1 Bc6 24.R1d2 Kg7 25.Kf2 a5 26.a3 Rab8 27.Ne2 b4 28.axb4 axb4
29.Rc4 e5 30.g3 Rb5 31.g4 Bb7 32.Rxc8 Bxc8 33.Ke3 Bb7 34.Ng3 exf4+ 35.Kxf4 Re5
36.Nf1 Re1 37.Rf2 g5+ 38.Kg3 Be4 39.h4 Rc1 40.hxg5 fxg5 41.Ne3 Rg1+ 42.Kh2 Re1
43.Ng2 Rb1 44.b3 Rc1 45.Ne3 Kg6 46.Kg3 Rg1+ 47.Kh2 Re1 48.Ng2 Bb7 49.Nxe1  1-0

[Event "NZD-ch"]
[Site "?"]
[Date "1992.??.??"]
[Round "10"]
[White "Sarapu, Ortvin"]
[Black "Stuart, Peter"]
[Result "1/2-1/2"]
[WhiteElo "2320"]
[BlackElo "2210"]

1.e4 c5 2.Ne2 Nc6 3.Nbc3 e6 4.d4 cxd4 5.Nxd4 Qc7 6.Be2 a6 7.f4 Nxd4 8.Qxd4 b5
9.Be3 Bb7 10.O-O-O Rc8 11.Rd2 Nf6 12.Bf3 d6 13.e5 dxe5 14.fxe5 b4 15.Na4 Nd5
16.Rhd1 Be7 17.Bxd5  1/2-1/2

[Event "Oakham"]
[Site "Oakham"]
[Date "1992.??.??"]
[Round "7"]
[White "Adams, Michael"]
[Black "Hall, Jesper"]
[Result "1/2-1/2"]
[WhiteElo "2620"]
[BlackElo "2370"]

1.e4 c5 2.Nf3 Nc6 3.d4 cxd4 4.Nxd4 e6 5.Nc3 d6 6.g3 Nf6 7.Bg2 Bd7 8.O-O Be7
9.b3 O-O 10.Bb2 a6 11.Nce2 Rc8 12.c4 Nxd4 13.Nxd4 b5 14.cxb5 axb5 15.Qd2 Qb6
16.Rfe1 Qa7 17.h3 Rc5 18.Nc2 e5 19.Ne3 Rfc8 20.a3 Be6 21.b4 R5c7 22.Rac1 Rxc1
23.Rxc1 Rxc1+ 24.Qxc1 g6 25.Qc3 Qb7 26.Qd3 Bd7 27.f4 Bc6 28.fxe5 dxe5 29.Bxe5 Bxe4
30.Bxe4 Qxe4 31.Qxe4 Nxe4 32.Nd5 Bd8 33.Kg2 f5 34.Kf3 Kf7 35.Ke3 Ke6 36.Kd4 g5
37.Bc7 Bxc7 38.Nxc7+ Kd7 39.Nxb5 Nxg3 40.Ke5 h5 41.Nd4 h4 42.Nxf5 g4 43.Nxh4  1/2-1/2

[Event "Oberwart op"]
[Site "Oberwart"]
[Date "1992.??.??"]
[Round "4"]
[White "Dvoirys, Semen I"]
[Black "Pogorelov, Ruslan"]
[Result "1-0"]
[WhiteElo "2570"]
[BlackElo "2395"]

1.e4 c5 2.Nf3 e6 3.d4 cxd4 4.Nxd4 Nc6 5.Nc3 d6 6.f4 Nf6 7.Nf3 Be7 8.Bd3 O-O
9.O-O Nd7 10.Be3 a6 11.a3 Nc5 12.Be2 b5 13.b4 Nd7 14.Qe1 Bb7 15.Rd1 Qc7 16.Bd3 Rac8
17.Qg3 g6 18.Ng5 Nd8 19.Ne2 f6 20.Nf3 Kh8 21.Qh3 Rg8 22.Bd4 e5 23.Bb2 Nb6
24.Kh1 Nc4 25.Bxc4 Qxc4 26.fxe5 dxe5 27.Nxe5 Qxe2 28.Ng4 Ne6 29.Bxf6+ Bxf6
30.Nxf6 Ng5 31.Qh4 Rgf8 32.Qxg5 Bxe4 33.Rde1 Qxc2 34.h3 Bf5 35.Re7 Rc7 36.Qh6  1-0

[Event "Odorheiu Secuiesc"]
[Site "Odorheiu Secuiesc"]
[Date "1992.??.??"]
[Round "?"]
[White "Lupu, Smaranda  B"]
[Black "Pogorelov, Ruslan"]
[Result "1-0"]
[WhiteElo "2205"]
[BlackElo "2385"]

1.e4 c5 2.Nf3 e6 3.Nc3 Nc6 4.d4 cxd4 5.Nxd4 d6 6.Bc4 Nf6 7.Be3 Be7 8.Qe2 a6
9.O-O-O Qc7 10.f4 Na5 11.Bd3 b5 12.Rhe1 O-O 13.Bd2 b4 14.Nb1 Rb8 15.e5 dxe5
16.fxe5 Nd5 17.h4 Rd8 18.h5 b3 19.Nxb3 Nxb3+ 20.axb3 Rxb3 21.Bc4 Rb8 22.Qg4 Bb7
23.Bh6 g6 24.Re2 Rbc8 25.Bb3 Qb6 26.Nd2 Nb4 27.Rf1 Bd5 28.Kb1 Bxb3 29.Nxb3 Rd7
30.Ref2 Bf8 31.hxg6 hxg6 32.Rxf7 Rxf7 33.Qxg6+ Kh8 34.Rxf7 Qg1+ 35.Nc1  1-0

[Event "Olot op"]
[Site "Olot"]
[Date "1992.??.??"]
[Round "3"]
[White "Luecke, Norbert"]
[Black "Cuadras, Jorge"]
[Result "1-0"]
[WhiteElo "2410"]
[BlackElo "2320"]

1.e4 c5 2.Nf3 e6 3.d4 cxd4 4.Nxd4 Nc6 5.Nc3 d6 6.Be2 Nf6 7.O-O Be7 8.Be3 O-O
9.f4 Re8 10.Kh1 a6 11.Qe1 Qc7 12.Qg3 Bf8 13.Rad1 Nd7 14.e5 Nxd4 15.Bxd4 d5
16.f5 Nb8 17.Rf4 Nc6 18.f6 g6 19.Rh4 h6 20.Bd3 g5 21.Rh5  1-0